[Event "Milan Crespi op-C 35th"]
[Site "Milan"]
[Date "2014.12.05"]
[Round "2"]
[White "Botta, Massimiliano"]
[Black "Barolo, Andrea"]
[Result "1/2-1/2"]
[WhiteElo "1786"]
[BlackElo "1968"]
[PlyCount "68"]
[EventDate "2014.12.04"]
[EventType "swiss"]
[EventRounds "7"]
[EventCountry "ITA"]
[SourceTitle "EXT 2017"]
[Source "ChessBase"]
[SourceDate "2016.10.25"]
[SourceVersion "1"]
[SourceVersionDate "2016.10.25"]
[SourceQuality "1"]

1. e4 e5 2. Nf3 Nc6 3. Bb5 a6 4. Ba4 Nf6 5. d3 b5 6. Bb3 Be7 7. 0-0 d6 8. Nbd2 Na5 9. Re1 0-0 10. Nf1 Nxb3 11. axb3 c5 12. h3 h6 13. Bd2 Be6 14. c4 Qb6 15. Qc2 Rfb8 16. Ba5 Qb7 17. Bc3 Nh5 18. Kh2 Nf4 19. Ng3 Qd7 20. Ng1 Kh7 21. N3e2 g5 22. f3 Rg8 23. g4 Ng6 24. Ng3 Qb7 25. Ra2 Rgb8 26. Rea1 Bf8 27. Qd1 Nf4 28. N1e2 Nxe2 29. Qxe2 Be7 30. Kg2 Bd8 31. Nf5 Bxf5 32. gxf5 Bf6 33. Rh1 Rg8 34. Kf1 Kg7 1/2-1/2

[Event "Milan Carnevale op 4th"]
[Site "Milan"]
[Date "2013.02.17"]
[Round "5"]
[White "Podetti, Davide"]
[Black "Barolo, Andrea"]
[Result "0-1"]
[WhiteElo "1741"]
[BlackElo "1956"]
[PlyCount "80"]
[EventDate "2013.02.13"]
[EventType "swiss"]
[EventRounds "6"]
[EventCountry "ITA"]
[SourceTitle "EXT 2014"]
[Source "ChessBase"]
[SourceDate "2013.11.20"]
[SourceVersion "1"]
[SourceVersionDate "2013.11.20"]
[SourceQuality "1"]

1. e4 e5 2. Nf3 Nc6 3. Bc4 Bc5 4. Nc3 d6 5. d3 Nf6 6. Be3 Bb6 7. Qd2 0-0 8. h3 Na5 9. Bb3 Nxb3 10. axb3 Bxe3 11. fxe3 Be6 12. g4 Qe7 13. Qf2 a6 14. Nh4 g6 15. Rf1 Nd7 16. Qg3 Kh8 17. Ng2 f5 18. gxf5 gxf5 19. exf5 Rxf5 20. Rxf5 Bxf5 21. Nd5 Qf7 22. e4 Rg8 23. Qf2 Qg7 24. exf5 Qxg2 25. Qxg2 Rxg2 26. 0-0-0 c6 27. Ne7 Kg7 28. Rf1 Kf6 29. Nc8 d5 30. Nd6 b6 31. Nc8 Rg8 32. Na7 c5 33. Kd2 Ra8 34. Nc6 Rc8 35. Nxe5 Nxe5 36. c4 d4 37. Rf4 Rg8 38. Rf2 Rg3 39. Kc2 Nxd3 40. Rd2 Ne5 0-1

[Event "Milan Carnevale op 4th"]
[Site "Milan"]
[Date "2013.02.13"]
[Round "1"]
[White "Vezzosi, Paolo"]
[Black "Barolo, Andrea"]
[Result "1-0"]
[WhiteElo "2287"]
[BlackElo "1956"]
[PlyCount "115"]
[EventDate "2013.02.13"]
[EventType "swiss"]
[EventRounds "6"]
[EventCountry "ITA"]
[SourceTitle "EXT 2014"]
[Source "ChessBase"]
[SourceDate "2013.11.20"]
[SourceVersion "1"]
[SourceVersionDate "2013.11.20"]
[SourceQuality "1"]

1. d4 Nf6 2. c4 g6 3. f3 d5 4. cxd5 Nxd5 5. e4 Nb6 6. Be3 Bg7 7. Nc3 0-0 8. Rc1 Nc6 9. d5 Nb8 10. Bd4 e6 11. Bxg7 Kxg7 12. dxe6 Qxd1+ 13. Rxd1 Bxe6 14. Nge2 Bc4 15. b3 Ba6 16. Nd4 Bxf1 17. Rxf1 Na6 18. Rf2 Rfe8 19. Rfd2 Re7 20. Kf2 Rae8 21. Ndb5 Nc5 22. b4 Ne6 23. Nd5 Nxd5 24. exd5 a6 25. Nc3 Nf4 26. Ne4 b6 27. g3 Nh5 28. Rc1 Nf6 29. Nxf6 Kxf6 30. Rc6+ Kg7 31. d6 Rd7 32. Rxc7 Rxc7 33. dxc7 Rc8 34. Rd7 b5 35. Ke3 Kf6 36. Rd6+ Ke7 37. Rxa6 Rxc7 38. Kd2 Rb7 39. Kc3 Rc7+ 40. Kb3 Rb7 41. Rc6 h5 42. Rc5 Kd6 43. f4 Rb8 44. h4 Rb7 45. f5 Rb6 46. fxg6 fxg6 47. Rg5 Kc7 48. a4 bxa4+ 49. Kxa4 Ra6+ 50. Kb3 Rd6 51. Kc4 Kb6 52. b5 Rf6 53. Kd4 Ka5 54. Kc5 Rb6 55. Kc4 Rf6 56. Rd5 Rf3 57. Rd6 Rxg3 58. Ra6# 1-0

[Event "Crema op 14th"]
[Site "Crema"]
[Date "2012.09.02"]
[Round "5"]
[White "Barolo, Andrea"]
[Black "Biava, Pierluigi"]
[Result "1-0"]
[WhiteElo "1940"]
[BlackElo "1655"]
[PlyCount "69"]
[EventDate "2012.08.31"]
[EventType "swiss"]
[EventRounds "6"]
[EventCountry "ITA"]
[SourceTitle "EXT 2014"]
[Source "ChessBase"]
[SourceDate "2013.11.20"]
[SourceVersion "1"]
[SourceVersionDate "2013.11.20"]
[SourceQuality "1"]

1. e4 c5 2. c3 e6 3. d4 Nf6 4. e5 Nd5 5. c4 Nb4 6. Nf3 N8c6 7. d5 exd5 8. cxd5 Nd4 9. Nxd4 cxd4 10. a3 Nxd5 11. Qxd4 Qa5+ 12. b4 Qc7 13. Bb2 Ne7 14. Nc3 Nc6 15. Nd5 Qb8 16. Qe3 b6 17. Rc1 Bb7 18. b5 Ne7 19. Nc7+ Kd8 20. Nxa8 Qxa8 21. f3 Ng6 22. Bd3 Bc5 23. Rxc5 bxc5 24. Qxc5 Nf4 25. Bf1 Ne6 26. Qc2 Ke7 27. Be2 Rc8 28. Qxh7 Rc5 29. 0-0 Qc8 30. a4 Rc2 31. Ba3+ Rc5 32. Rc1 Qc7 33. Bxc5+ Nxc5 34. Qh4+ Ke6 35. Bc4+ 1-0

[Event "Milan Crespi op-B 32nd"]
[Site "Milan"]
[Date "2011.12.10"]
[Round "5"]
[White "Cocconcelli, Lorenzo"]
[Black "Barolo, Andrea"]
[Result "1/2-1/2"]
[WhiteElo "1900"]
[BlackElo "1944"]
[PlyCount "71"]
[EventDate "2011.12.07"]
[EventType "swiss"]
[EventRounds "7"]
[EventCountry "ITA"]
[SourceTitle "EXT 2022"]
[Source "ChessBase"]
[SourceDate "2021.10.06"]
[SourceVersion "1"]
[SourceVersionDate "2021.10.06"]
[SourceQuality "1"]

1. d4 Nf6 2. c4 g6 3. Nc3 d5 4. cxd5 Nxd5 5. e4 Nxc3 6. bxc3 Bg7 7. Bc4 c5 8. Ne2 0-0 9. 0-0 Nc6 10. Be3 Qc7 11. Rc1 Rd8 12. Bf4 Qd7 13. dxc5 Na5 14. Bb5 Qxd1 15. Rfxd1 Rxd1+ 16. Rxd1 Be6 17. Nd4 Bc4 18. Bc7 Bxb5 19. Nxb5 Nc6 20. Rd7 Rc8 21. Bf4 Rd8 22. Rxd8+ Nxd8 23. Nxa7 Bxc3 24. Be3 Kf8 25. Kf1 Ke8 26. Ke2 Kd7 27. Kd3 Bb2 28. Kc4 Nc6 29. Nxc6 Kxc6 30. a4 h5 31. Bd4 Ba3 32. f3 Bc1 33. h3 Ba3 34. g4 Bc1 35. Be5 Ba3 36. Bd4 1/2-1/2